Rennes du Père Noël - Mort subite - Statistiques

Statistiques générales
  • Ce quiz a été pris 13 727 fois
  • Le résultat moyen est 3 sur 9
Answers on the Grid
Answers color-coded by a green-red scale on the quiz's grid according to % correct below.
Comète
Cupidon
Danseur
Eclair
Fringant
Furie
Rudolph
Tornade
Tonnerre
Supernova
Météore
Bambi
Sven
Rapide
Fonceur
Guirlande
Nuage
Foudre
Fulgurant
Rouge
Vif-argent
Neige
Voltigeur
Sauteur
 
Statistiques - réponses
Réponse % Correct
Rudolph
76%
Tonnerre
37%
Comète
36%
Eclair
34%
Tornade
32%
Fringant
24%
Furie
17%
Danseur
16%
Cupidon
14%
Aucun quiz correspondant
Distribution des résultats
% des personnes avec chaque résultat
Percentile par nombre de réponses
Votre historique - résultats
Vous n’avez pas pris ce quiz